000 00491nam a2200193Ia 4500
003 LK-CoDNM
008 010623t1998 xxu||||| |||| 00| 1 sin d
040 _aLK-CoDNM
_dLK-CoDNM
_eLK-CoDNM
041 _asin
080 _a781
_bRAN
100 _aRanathunga, Amara
245 _aසෞන්ද්‍ර‍ායාවබෝධය
246 _aSaundaryawabodaya
260 _bS.Godage
_aColombo
_c1998
300 _b71, 21 cm
650 _aLiterature
650 _aMusic
942 _cBK
999 _c119244
_d119244